000 00702nam a2200253Ia 4500
003 OSt
005 20220926015108.0
006 a|||||r|||| 00| 0
007 ta
008 220923b |||||||| |||| 00| 0 eng d
037 _cGeneral Book
040 _aRTL
_cRTL
_beng
041 _2eng
_aeng
082 _aX0gY, L4/TD
100 _aArrow Kenneth J
_9137716
245 0 _aLimits of organization
260 _aNew York
_bNorton
_c1974
300 _a86p.
_ccm.
490 _aFels lectures on Public Policy analysis
500 _aBibliography: P81-82
650 _aEconomics IRT Sociology
942 _hX0gY, L4/TD
_cGB
_2CC
999 _c630526
_d630526